000 00669nam a22002177a 4500
003 UA-OsUOA
001 126527
007 ta
008 20171027b un ||||| |||| 00| 0 ukr d
100 _aМанько М.
090 _a908
_bМ24
942 _cSA
040 _aUA-OsUOA
_bukr
_cUA-OsUOA
_dUA-OsUOA
245 _aЮвілей організатора музейної справи і збереження пам'яток історико-культурної спадщини / Про М. Ф. Біляшівського
300 _aС.8
955 _a0
041 _aukr
080 _a908
773 0 _w126525
650 7 _a908 Краєзнавство
_2UDC
999 _c413753
_d413753